书目信息 |
| 题名: |
最优化管理方法和案例
|
|
| 作者: | 邹沤 | |
| 分册: | ||
| 出版信息: | 北京 科学普及出版社 1987.09 |
|
| 页数: | 313页 | |
| 开本: | 19cm | |
| 丛书名: | ||
| 单 册: | ||
| 中图分类: | F4 | |
| 科图分类: | ||
| 主题词: | 工业经济 , 国际贸易 | |
| 电子资源: | ||
| ISBN: | ||
| 000 | 00558nam0 2200217 45 | |
| 001 | 0308271073 | |
| 005 | 20030827104345.5 | |
| 010 | @dRMB4.20 | |
| 091 | @a4051·1009 | |
| 100 | @a20030827d1987 km y0chiy0120 ea | |
| 101 | @achi | |
| 105 | @a z 000yy | |
| 200 | 1 | @a最优化管理方法和案例@Azui you hua guan li fang fa he an li@f邹沤@Fzou ou |
| 210 | @a北京@c科学普及出版社@d1987.09 | |
| 215 | @a313页@c无图表@d19cm | |
| 606 | 0 | @a工业经济 |
| 606 | 0 | @a国际贸易 |
| 690 | @aF4@v3 | |
| 701 | 0 | @a邹沤 |
| 801 | @aCN@b@c20030827 | |
| 905 | @aBZT@dF4@e114 | |
| 最优化管理方法和案例/邹沤.-北京:科学普及出版社,1987.09 |
| 313页:无图表;19cm |
| ISBN :RMB4.20 |
| ● |
| 相关链接 |
|
|
|
正题名:最优化管理方法和案例
索取号:F4/114
 
预约/预借
| 序号 | 登录号 | 条形码 | 馆藏地/架位号 | 状态 | 备注 |
| 1 | 15867 | 200313035 | 中心书库北库/ 北库017架A面3列6层53/ [索取号:F4/114] | 在馆 |